书目信息 |
| 题名: |
Adobe Premiere Pro CC 2018经典教程
|
|
| 作者: | 马克西姆·亚戈著 ;巩亚萍 译 | |
| 分册: | ||
| 出版信息: | 北京 人民邮电出版社 2018.11 |
|
| 页数: | 450页 | |
| 开本: | 24cm | |
| 丛书名: | ||
| 单 册: | ||
| 中图分类: | TP317.53 | |
| 科图分类: | ||
| 主题词: | 软件 | |
| 电子资源: | ||
| ISBN: | 7-115-49284-0 | |
| 000 | 00720nam0 2200205 450 | |
| 001 | 1930097902 | |
| 005 | 20190120082319.88 | |
| 010 | @a7-115-49284-0@dCNY 148.00 | |
| 100 | @a20190120d2018 km y0chiy0120 ea | |
| 101 | 0 | @achi |
| 102 | @aCN@b110000 | |
| 200 | 1 | @aAdobe Premiere Pro CC 2018经典教程@AAdobe Premiere Pro CC 2018 Jing Dian Jiao Cheng@f(英) 马克西姆·亚戈著 ; 巩亚萍译@F(Ying)Ma Ke Xi Mu·Ya Ge Zhu;Gong Ya Ping Yi |
| 210 | @a北京@c人民邮电出版社@d2018.11 | |
| 215 | @a450页@d24cm | |
| 606 | 0 | @a软件 |
| 690 | @aTP317.53@v4 | |
| 701 | 0 | @a马克西姆·亚戈著@AMa Ke Xi Mu·Ya Ge Zhu |
| 702 | 0 | @a巩亚萍@AGong Ya Ping@4译 |
| 801 | 0 | @aCN@b大连网信软件有限公司图书馆·11@c20190120 |
| 905 | @aZUCC@dTP317.53@eM088 | |
| Adobe Premiere Pro CC 2018经典教程/(英) 马克西姆·亚戈著 ; 巩亚萍译.-北京:人民邮电出版社,2018.11 |
| 450页;24cm |
| ISBN 7-115-49284-0:CNY 148.00 |
| ● |
| 相关链接 |
|
|
|
正题名:Adobe Premiere Pro CC 2018经典教程
索取号:TP317.53/M088
 
预约/预借
| 序号 | 登录号 | 条形码 | 馆藏地/架位号 | 状态 | 备注 |
| 1 | 1301784 | 213017849 | 生命科学与工程学院资料室/ [索取号:TP317.53/M088] | 在馆 |